| 000 | 00000nam 2200000zi 4500 |
| 001 | 9.883170 |
| 003 | CaOODSP |
| 005 | 20221107170507 |
| 006 | m o d f |
| 007 | cr cn||||||||| |
| 008 | 191227t20202020onca ob f000 0 fre d |
| 020 | |a9780660336275 |
| 040 | |aCaOODSP|bfre|erda|cCaOODSP |
| 043 | |an-cn--- |
| 086 | 1 |aH129-27/2020F-PDF |
| 245 | 00|aRecommandations pour la qualité de l'eau potable au Canada : |bdocument technique : Escherichia coli. |
| 264 | 1|aOttawa, Ontario : |bSanté Canada = Health Canada, |c2020. |
| 264 | 4|c©2020 |
| 300 | |a1 ressource en ligne (iv, 52 pages) : |billustrations (certaines en couleur) |
| 336 | |atexte|btxt|2rdacontent/fre |
| 337 | |ainformatique|bc|2rdamedia/fre |
| 338 | |aressource en ligne|bcr|2rdacarrier/fre |
| 500 | |aPublié aussi en anglais sous le titre : Guidelines for Canadian drinking water quality: guideline technical document: Escherichia coli. |
| 500 | |a« Mars 2020. » |
| 500 | |a« Pub. : 190537. » |
| 500 | |aPublié aussi en format HTML. |
| 504 | |aComprend des références bibliographiques (pages 36-49). |
| 650 | 6|aEau potable|xNormes|zCanada. |
| 650 | 6|aEau potable|xÉpuration|zCanada. |
| 650 | 6|aEscherichia coli. |
| 710 | 1 |aCanada. |bSanté Canada. |
| 775 | 08|tGuidelines for Canadian drinking water quality : |w(CaOODSP)9.883171 |
| 856 | 40|qPDF|s1.11 Mo|uhttps://publications.gc.ca/collections/collection_2020/sc-hc/H129-27-2020-fra.pdf |
| 856 | 4 |qHTML|sS.O.|uhttps://www.canada.ca/fr/sante-canada/services/publications/vie-saine/recommandations-pour-qualite-eau-potable-canada-document-technique-escherichia-coli.html |